000 00403nmm a2200145Ia 4500
008 251105s9999||||xx |||||||||||||||||und||
041 _aspa
100 _aShowalter, Gena
245 0 _aMentiras oscuras
264 _a[Madrid, España] :
_bHarlequin,
_c2010
300 _a480 páginas
650 _aScience fiction & Fantasy
856 _uhttps://public.digitaliapublishing.com/a/49900
942 _cCF
999 _c104320
_d104320